[Event "1. jun. liga - 2017."]
[Site "Sv. Filip i Jakov, TN "]
[Date "2017.04.18"]
[Round "1.1"]
[White "Muha, Miljenko"]
[Black "Jambresic, Filip"]
[Result "1-0"]
[WhiteElo "2268"]
[BlackElo "1966"]
[PlyCount "57"]
[EventDate "2017.04.18"]

1. d4 Nf6 2. c4 c5 3. d5 e6 4. Nc3 exd5 5. cxd5 d6 6. Nf3 a6 7. a4 g6 8. Bf4
Bg4 9. Nd2 Nh5 10. Be3 Qe7 11. Nc4 Qc7 12. h3 Bc8 13. g4 Ng7 14. Bf4 f5 15. Qd3
Nd7 16. Qg3 Nf6 17. Nxd6+ Bxd6 18. Bxd6 Qd8 19. Bxc5 fxg4 20. hxg4 Bxg4 21. Bh3
Bxh3 22. Rxh3 Kf7 23. Qf4 Qc8 24. Rf3 Nf5 25. Bd4 Re8 26. Bxf6 Kxf6 27. e4 Kg7
28. O-O-O Nh6 29. Rh1 1-0

[Event "1. jun. liga - 2017."]
[Site "Sv. Filip i Jakov, TN "]
[Date "2017.04.18"]
[Round "1.1"]
[White "Golub, Nikolina"]
[Black "Starcevic, Ante Leon"]
[Result "0-1"]
[WhiteElo "1881"]
[BlackElo "2120"]
[PlyCount "104"]
[EventDate "2017.04.18"]

1. d4 Nf6 2. c4 g6 3. Nf3 Bg7 4. Nc3 d5 5. Bf4 c5 6. dxc5 Qa5 7. cxd5 Nxd5 8.
Qxd5 Bxc3+ 9. Bd2 Bxd2+ 10. Qxd2 Qxd2+ 11. Nxd2 Be6 12. Rc1 a5 13. a3 a4 14. e3
O-O 15. Bc4 Bd7 16. Bd5 Bc6 17. Bxc6 bxc6 18. O-O Ra5 19. Rc4 Na6 20. Nf3 Rb8
21. Rc2 Rxc5 22. Rd2 Rd5 23. Rc2 Rc5 24. Rd2 Rd5 25. Rc2 Nc5 26. Nd4 Rb6 27. g3
e5 28. Ne2 Ne4 29. Rfc1 Rdb5 30. f3 Ng5 31. f4 Ne4 32. Rxc6 Rxc6 33. Rxc6 Rxb2
34. Nc1 Nd2 35. Nd3 Nf3+ 36. Kf1 Nxh2+ 37. Kg1 Nf3+ 38. Kf1 Nh2+ 39. Kg1 Nf3+
40. Kf1 Rb3 41. Ke2 exf4 42. gxf4 Rxa3 43. Nb4 Nh4 44. Ra6 Nf5 45. Nc2 Ra2 46.
Kd3 h5 47. e4 Ng3 48. e5 Nf5 49. Ra7 h4 50. Kc3 h3 51. Rd7 Rxc2+ 52. Kxc2 h2
0-1

[Event "1. jun. liga - 2017."]
[Site "Sv. Filip i Jakov, TN "]
[Date "2017.04.18"]
[Round "1.1"]
[White "Blazeka, Mihaela"]
[Black "Rickovic, Tomislav"]
[Result "1-0"]
[WhiteElo "2037"]
[BlackElo "1636"]
[PlyCount "51"]
[EventDate "2017.04.18"]

1. d4 d5 2. c4 e6 3. Nf3 Nf6 4. Nc3 dxc4 5. e4 b6 6. Qa4+ c6 7. Qxc4 Bb7 8. Bg5
Be7 9. Qa4 O-O 10. Rd1 h6 11. Bh4 Nbd7 12. Be2 Ne8 13. Bg3 Nc7 14. O-O Qc8 15.
b4 a5 16. b5 cxb5 17. Nxb5 Nxb5 18. Bxb5 Nf6 19. Rc1 Qd8 20. Bc7 Qc8 21. Bxb6
Qb8 22. e5 Nd5 23. Bc5 Rc8 24. a3 Bxc5 25. dxc5 Nf4 26. Qxf4 1-0

[Event "1. jun. liga - 2017."]
[Site "Sv. Filip i Jakov, TN "]
[Date "2017.04.18"]
[Round "1.1"]
[White "Mesar, Vedran"]
[Black "Markovic, Franjo-Josip"]
[Result "0-1"]
[WhiteElo "1504"]
[BlackElo "1979"]
[PlyCount "62"]
[EventDate "2017.04.18"]

1. e4 c5 2. Nf3 Nc6 3. d4 cxd4 4. Nxd4 Nf6 5. Nc3 g6 6. Be3 Bg7 7. Bc4 O-O 8.
f3 Qb6 9. Bb3 Nxe4 10. Nxe4 Bxd4 11. Bxd4 Nxd4 12. Qd3 Nxb3 13. axb3 a5 14. g4
d6 15. Ng3 Bd7 16. Qe4 a4 17. Kd2 axb3 18. c3 Qf2+ 19. Ne2 Bc6 20. Raf1 Qxf1
21. Rxf1 Bxe4 22. fxe4 Ra2 23. Rb1 e5 24. c4 Ra4 25. Kc3 Rc8 26. Kxb3 Raxc4 27.
Nc3 Rd4 28. Nb5 Rd3+ 29. Ka2 Ra8+ 30. Na3 b5 31. b4 Raxa3+ 0-1

[Event "1. jun. liga - 2017."]
[Site "Sv. Filip i Jakov, TN "]
[Date "2017.04.18"]
[Round "1.2"]
[White "Plenca, Jadranko"]
[Black "Ghersinich, Enrico"]
[Result "1-0"]
[WhiteElo "2431"]
[BlackElo "2029"]
[PlyCount "113"]
[EventDate "2017.04.18"]

1. Nf3 g6 2. e4 c5 3. c3 Bg7 4. d4 cxd4 5. cxd4 d5 6. e5 Nc6 7. Bb5 Nh6 8. h3
O-O 9. Nc3 Nf5 10. Bf4 f6 11. O-O e6 12. Bxc6 bxc6 13. exf6 Bxf6 14. Re1 Qa5
15. Be5 Bxe5 16. Rxe5 c5 17. dxc5 Qxc5 18. Rc1 Qb6 19. Qd2 Rb8 20. b3 Rb7 21.
Ne2 Nh4 22. Ned4 Nxf3+ 23. Nxf3 Qd6 24. Qe3 Rbf7 25. Re1 Rf6 26. Qxa7 d4 27.
Qxd4 Qxd4 28. Nxd4 Rxf2 29. R5e2 Rxe2 30. Rxe2 Re8 31. Nf3 Bb7 32. Ne5 Bd5 33.
Rc2 Re7 34. Kf2 Kg7 35. Ke3 Kf6 36. Kd4 Rb7 37. Rf2+ Kg5 38. g3 Rb4+ 39. Kd3
Re4 40. Nf3+ Kh5 41. Rc2 Rb4 42. Rc5 g5 43. Nd4 Rb8 44. a4 Rf8 45. Ke2 Rb8 46.
Ke3 Bxb3 47. Rb5 Rxb5 48. axb5 Bd5 49. b6 e5 50. Nf5 Bg2 51. Nd6 Kg6 52. Ne4 g4
53. hxg4 Bxe4 54. Kxe4 Kg5 55. b7 Kxg4 56. b8=Q Kxg3 57. Qg8+ 1-0

[Event "1. jun. liga - 2017."]
[Site "Sv. Filip i Jakov, TN "]
[Date "2017.04.18"]
[Round "1.2"]
[White "Pahljina, Marko"]
[Black "Krsnik Cohar, Ivan Vihor"]
[Result "0-1"]
[WhiteElo "1922"]
[BlackElo "2324"]
[PlyCount "60"]
[EventDate "2017.04.18"]

1. d4 d5 2. Nf3 Bf5 3. e3 e6 4. Bd3 Bg6 5. O-O Bd6 6. c4 c6 7. Nc3 f5 8. c5 Bc7
9. b4 Nf6 10. b5 Ne4 11. Bb2 Bh5 12. a4 Nd7 13. a5 Bxa5 14. Ne2 Bxf3 15. gxf3
Nd2 16. Nf4 Nxf1 17. Nxe6 Qf6 18. Kxf1 Qxe6 19. Rxa5 O-O 20. Qa4 f4 21. e4 Qh3+
22. Ke2 dxe4 23. Bxe4 Nf6 24. bxc6 Nxe4 25. fxe4 f3+ 26. Ke3 Qf1 27. Kd2 Qxf2+
28. Kc3 Qe3+ 29. Kb4 f2 30. cxb7 Rab8 0-1

[Event "1. jun. liga - 2017."]
[Site "Sv. Filip i Jakov, TN "]
[Date "2017.04.18"]
[Round "1.2"]
[White "Bosnjak, Petar"]
[Black "Mainenti, Kevin"]
[Result "1-0"]
[WhiteElo "2275"]
[BlackElo "1816"]
[PlyCount "69"]
[EventDate "2017.04.18"]

1. e4 e5 2. Nf3 Nc6 3. Bb5 a6 4. Ba4 Bc5 5. O-O d6 6. c3 b5 7. Bb3 Nf6 8. d4
exd4 9. cxd4 Bb6 10. h3 h6 11. Nc3 O-O 12. a4 b4 13. Nd5 Na5 14. Nxf6+ Qxf6 15.
Bc2 c5 16. e5 dxe5 17. Qd3 g6 18. dxe5 Qc6 19. Bxh6 Bf5 20. Qe2 Bxc2 21. Qxc2
Rfe8 22. Rfe1 c4 23. Ng5 Nb3 24. e6 f5 25. Qe2 Bd4 26. Rad1 Bh8 27. e7 Nd4 28.
Rxd4 Bxd4 29. Rd1 Bf6 30. Rd6 Rxe7 31. Qxe7 Qxg2+ 32. Kxg2 Bxe7 33. Rxg6+ Kh8
34. Nf7+ Kh7 35. Rg7# 1-0

[Event "1. jun. liga - 2017."]
[Site "Sv. Filip i Jakov, TN "]
[Date "2017.04.18"]
[Round "1.2"]
[White "Purini, Bruno"]
[Black "Duda, Daniel"]
[Result "0-1"]
[WhiteElo "1267"]
[BlackElo "1857"]
[PlyCount "54"]
[EventDate "2017.04.18"]

1. e4 c5 2. Nc3 e6 3. Bc4 a6 4. a3 Nc6 5. Nf3 Nf6 6. d3 d5 7. exd5 exd5 8. Ba2
Be7 9. d4 Bg4 10. dxc5 d4 11. Nb1 O-O 12. Bf4 Bxc5 13. O-O Bd6 14. Bxd6 Qxd6
15. h3 Bh5 16. c3 Rad8 17. Qd3 Qf4 18. cxd4 Bxf3 19. Qxf3 Qxf3 20. gxf3 Nxd4
21. Nc3 Nxf3+ 22. Kg2 Nh4+ 23. Kh2 Rd2 24. b4 Rc8 25. Rfd1 Rxf2+ 26. Kg3 Rg2+
27. Kf4 Re8 0-1

[Event "1. jun. liga - 2017."]
[Site "Sv. Filip i Jakov, TN "]
[Date "2017.04.18"]
[Round "1.3"]
[White "Pavcevic, Bruno"]
[Black "Tomulic, Teo"]
[Result "0-1"]
[WhiteElo "2073"]
[BlackElo "2271"]
[PlyCount "96"]
[EventDate "2017.04.18"]

1. e4 c5 2. Nf3 d6 3. d4 Nf6 4. Nc3 cxd4 5. Nxd4 a6 6. h3 e6 7. g4 d5 8. Nde2
Bc5 9. exd5 Qb6 10. Rh2 O-O 11. Bf4 Nxd5 12. Nxd5 exd5 13. Ng3 Qxb2 14. Bd3 Nc6
15. Kf1 Nb4 16. Rb1 Qxa2 17. Be5 Qa4 18. Qf3 Nxd3 19. cxd3 Bd4 20. Qf4 Qc2 21.
Qxd4 Qxb1+ 22. Kg2 f6 23. Nh5 Qb5 24. Bd6 Rf7 25. Rh1 Qc6 26. Bc5 Bd7 27. Re1
Re8 28. Rc1 Qe6 29. Qb4 d4 30. Qxd4 Bc6+ 31. Kh2 Rd7 32. Qc4 Qxc4 33. dxc4 b5
34. cxb5 Bxb5 35. Ra1 Kf7 36. Ra3 Re4 37. Ng3 Rc4 38. Be3 g6 39. Kg2 Rd1 40.
Kh2 Ke6 41. Ra2 f5 42. gxf5+ gxf5 43. Nh5 Ke5 44. Kg3 Rd3 45. Kh2 f4 46. Ba7
Kf5 47. Ng7+ Kf6 48. Nh5+ Kg6 0-1

[Event "1. jun. liga - 2017."]
[Site "Sv. Filip i Jakov, TN "]
[Date "2017.04.18"]
[Round "1.3"]
[White "Safar, Sandro"]
[Black "Erenda, Bruno"]
[Result "1/2-1/2"]
[WhiteElo "2126"]
[BlackElo "2091"]
[PlyCount "44"]
[EventDate "2017.04.18"]

1. e4 e6 2. d4 d5 3. Nd2 dxe4 4. Nxe4 Bd7 5. Bd3 Bc6 6. Nf3 Nd7 7. c3 Ngf6 8.
Qe2 Be7 9. O-O Nxe4 10. Bxe4 Bxe4 11. Qxe4 c6 12. Bf4 Nf6 13. Qe2 O-O 14. Rad1
Qa5 15. a3 Rad8 16. Rd2 Qf5 17. Bg5 Rfe8 18. Bxf6 Bxf6 19. Rfd1 h6 20. Rd3 Rd7
21. Nd2 Red8 22. Ne4 Be7 1/2-1/2

[Event "1. jun. liga - 2017."]
[Site "Sv. Filip i Jakov, TN "]
[Date "2017.04.18"]
[Round "1.3"]
[White "Balen, Teo"]
[Black "Batory, Lucija"]
[Result "1-0"]
[WhiteElo "1995"]
[BlackElo "1676"]
[PlyCount "65"]
[EventDate "2017.04.18"]

1. d4 d5 2. c4 e6 3. Nc3 c6 4. e3 Nf6 5. Nf3 Bd6 6. Bd3 O-O 7. O-O Nbd7 8. e4
dxe4 9. Nxe4 Nxe4 10. Bxe4 e5 11. dxe5 Nxe5 12. Nxe5 Bxe5 13. Bxh7+ Kxh7 14.
Qh5+ Kg8 15. Qxe5 Re8 16. Qc3 Bf5 17. b3 Re6 18. Bb2 Qg5 19. f4 Qg4 20. h3 Qg6
21. Rf3 Qh6 22. Rg3 Rg6 23. Rxg6 Qxg6 24. Re1 Rd8 25. Re3 Rd1+ 26. Kh2 Rd3 27.
Rxd3 Bxd3 28. Qe5 Bf1 29. Qg5 Kh7 30. Qh4+ Qh6 31. Qg3 Be2 32. Qe3 Bd1 33. Qd3+
1-0

[Event "1. jun. liga - 2017."]
[Site "Sv. Filip i Jakov, TN "]
[Date "2017.04.18"]
[Round "1.3"]
[White "Troselj, Ivan"]
[Black "Cavlovic, Viktor"]
[Result "1/2-1/2"]
[WhiteElo "1690"]
[BlackElo "1723"]
[PlyCount "125"]
[EventDate "2017.04.18"]

1. e4 c6 2. d4 d5 3. exd5 cxd5 4. Nf3 Bg4 5. h3 Bxf3 6. Qxf3 e6 7. Bd3 Nc6 8.
c3 Nf6 9. O-O g6 10. Bg5 Bg7 11. Nd2 O-O 12. Qe3 Qb6 13. Rab1 Nd7 14. Nf3 Rae8
15. Bh6 e5 16. Bxg7 Kxg7 17. dxe5 Qxe3 18. fxe3 Ncxe5 19. Bb5 Nc6 20. Nd4 Rxe3
21. Nxc6 bxc6 22. Bxc6 Nf6 23. Rbd1 Re2 24. Rf2 Rxf2 25. Kxf2 Rb8 26. b4 Ne4+
27. Ke3 Nxc3 28. Rd2 Rxb4 29. Bxd5 Nxd5+ 30. Rxd5 Rb2 31. Ra5 Rxg2 32. Kf3 Rc2
33. Rxa7 g5 34. a4 h5 35. a5 Rc3+ 36. Kg2 Kg6 37. a6 h4 38. Ra8 Kf5 39. Rf8 Rc7
40. Rb8 Rc2+ 41. Kf3 Rc3+ 42. Kg2 Ra3 43. Rb5+ Ke6 44. Rb6+ Kf5 45. Rb5+ Kf4
46. Rb4+ Ke3 47. Rb5 Ra2+ 48. Kh1 Ra1+ 49. Kh2 Ra2+ 50. Kh1 Rxa6 51. Rxg5 Rf6
52. Ra5 Kf2 53. Kh2 Kf3 54. Ra4 Rf4 55. Ra3+ Ke4 56. Kg2 f5 57. Ra4+ Ke5 58.
Ra5+ Kf6 59. Ra8 Re4 60. Rf8+ Ke5 61. Re8+ Kd4 62. Rf8 f4 63. Kf3 1/2-1/2

[Event "1. jun. liga - 2017."]
[Site "Sv. Filip i Jakov, TN "]
[Date "2017.04.18"]
[Round "1.4"]
[White "Tica, Sven"]
[Black "Saric, Luka"]
[Result "1-0"]
[WhiteElo "2348"]
[BlackElo "2129"]
[PlyCount "45"]
[EventDate "2017.04.18"]

1. d4 d5 2. c4 e6 3. Nf3 Nf6 4. g3 dxc4 5. Bg2 c5 6. O-O Nc6 7. Qa4 Bd7 8. Qxc4
b5 9. Qd3 Rc8 10. dxc5 Bxc5 11. Nc3 Nb4 12. Qd1 Bc6 13. Bd2 O-O 14. Rc1 Qb6 15.
a3 Nbd5 16. Nxd5 Bxd5 17. Ne5 Bxg2 18. Kxg2 Rfd8 19. Nd3 Ne4 20. Be1 Qb7 21. f3
Nf6 22. Rxc5 Nd5 23. Bf2 1-0

[Event "1. jun. liga - 2017."]
[Site "Sv. Filip i Jakov, TN "]
[Date "2017.04.18"]
[Round "1.4"]
[White "Cotic, Borna"]
[Black "Makovec, Bruno"]
[Result "0-1"]
[WhiteElo "1985"]
[BlackElo "2186"]
[PlyCount "162"]
[EventDate "2017.04.18"]

1. e4 c5 2. Nf3 d6 3. Bb5+ Nd7 4. O-O a6 5. Bd3 Ngf6 6. c3 b5 7. Bc2 Bb7 8. Re1
e6 9. d4 Be7 10. Nbd2 O-O 11. b3 Rc8 12. Bb2 c4 13. Qe2 Qc7 14. Nf1 Rfe8 15.
Rad1 Bf8 16. Ng3 g6 17. Nd2 e5 18. d5 cxb3 19. axb3 Nb6 20. Rc1 Nfd7 21. Ngf1
Nc5 22. Ne3 Bh6 23. Ng4 Bg7 24. Ne3 h5 25. c4 b4 26. g3 Nbd7 27. Ng2 Qb6 28.
Kh1 Re7 29. Rb1 Rce8 30. Bc1 Bh6 31. Nf1 Bxc1 32. Rbxc1 Nf6 33. Qf3 Nh7 34. h4
Bc8 35. Nfe3 Kg7 36. Qe2 Nf6 37. f3 Bd7 38. Qd2 a5 39. Rb1 Ra8 40. Rb2 Kh7 41.
Kh2 Ree8 42. Reb1 Reb8 43. Ne1 Be8 44. N1g2 Bd7 45. Ne1 Rc8 46. N1g2 Ra7 47.
Ne1 Rb8 48. Nd1 Qd8 49. Qg5 Be8 50. Nf2 Nfd7 51. Qxd8 Rxd8 52. Ned3 Kg7 53.
Nxc5 Nxc5 54. Nd3 Rc8 55. Nxc5 Rxc5 56. Bd3 Kf6 57. Kg2 Ke7 58. Kf2 Kd7 59. Ke3
Kc7 60. Kd2 Kb6 61. Ra1 Rc8 62. Rba2 Rca8 63. Bc2 Kc5 64. Kd3 Bd7 65. Bd1 f5
66. Ke3 Kb6 67. Kd3 Rf8 68. Rf2 fxe4+ 69. Kxe4 Bf5+ 70. Ke3 Kc5 71. Rfa2 Rfa8
72. Rd2 Bd7 73. Kd3 a4 74. bxa4 Bxa4 75. Bxa4 Rxa4 76. Rb1 Rf8 77. Ke4 Rb8 78.
g4 Rf8 79. Rg1 Rf4+ 80. Ke3 Ra3+ 81. Ke2 Raxf3 0-1

[Event "1. jun. liga - 2017."]
[Site "Sv. Filip i Jakov, TN "]
[Date "2017.04.18"]
[Round "1.4"]
[White "Zadravec, Matija"]
[Black "Simunic, Krunoslav"]
[Result "1/2-1/2"]
[WhiteElo "2119"]
[BlackElo "1947"]
[PlyCount "143"]
[EventDate "2017.04.18"]

1. e4 e6 2. d4 d5 3. Nd2 c5 4. exd5 Qxd5 5. dxc5 Bxc5 6. Ngf3 Nf6 7. Bc4 Qd6 8.
Qe2 Nc6 9. Nb3 Bb6 10. O-O O-O 11. Bg5 Bd7 12. Rad1 Qc7 13. Rfe1 Rad8 14. Bxf6
gxf6 15. Qe4 Ne7 16. Bd3 Ng6 17. Nbd4 f5 18. Qe3 e5 19. Qh6 f6 20. Nxf5 Bxf5
21. Bxf5 Qg7 22. Qxg7+ Kxg7 23. Kf1 Nf4 24. g3 Nd5 25. Be4 Nb4 26. c3 Nc6 27.
Nh4 Na5 28. Nf5+ Kf7 29. b4 Nc4 30. Bxb7 Ke6 31. Ba6 Nd2+ 32. Ke2 Ne4 33. Rxd8
Rxd8 34. Ne3 Nxc3+ 35. Kf3 Rd2 36. Bc8+ Kf7 37. Bf5 Nxa2 38. Re2 Rxe2 39. Kxe2
Bxe3 40. Kxe3 Nxb4 41. Bxh7 a5 42. Kd2 a4 43. Bc2 a3 44. Bb3+ Kg6 45. Kc3 a2
46. Kb2 Nd3+ 47. Kxa2 Nxf2 48. Kb2 Kg5 49. Be6 e4 50. Kc2 e3 51. Bd7 f5 52. Kc3
Kg4 53. h3+ Kxh3 54. Bxf5+ Kxg3 55. Bc8 Ne4+ 56. Kd3 Kf2 57. Bg4 Ng5 58. Bd1
Nf3 59. Ke4 Ng1 60. Kd3 Nh3 61. Ke4 Ng5+ 62. Kd3 Ne6 63. Ke4 Nc5+ 64. Kd4 Nd7
65. Ke4 Nf6+ 66. Kd4 Nh7 67. Ke4 Ng5+ 68. Kd3 Nf3 69. Ke4 Nd2+ 70. Kd3 Nf1 71.
Be2 Nd2 72. Bd1 1/2-1/2

[Event "1. jun. liga - 2017."]
[Site "Sv. Filip i Jakov, TN "]
[Date "2017.04.18"]
[Round "1.4"]
[White "Juric Cvitanovic, Katislav"]
[Black "Toplak, Juraj"]
[Result "0-1"]
[WhiteElo "1812"]
[BlackElo "2052"]
[PlyCount "100"]
[EventDate "2017.04.18"]

1. Nf3 Nf6 2. c4 g6 3. Nc3 d5 4. cxd5 Nxd5 5. Qb3 Nf6 6. e4 e6 7. d4 h6 8. h4
c6 9. Rh3 Qb6 10. Qc4 Qa6 11. Qb3 Qb6 12. Qd1 Nbd7 13. Bd3 e5 14. Na4 Qa5+ 15.
Kf1 exd4 16. e5 Nxe5 17. Bd2 Qd5 18. Nxe5 Bxh3 19. gxh3 Qxe5 20. Qb3 O-O-O 21.
Qxf7 Rh7 22. Qxg6 Rg7 23. Qf5+ Qxf5 24. Bxf5+ Kb8 25. Bxh6 Rf7 26. Bg6 Rfd7 27.
Bf4+ Bd6 28. Bg5 Rf8 29. Rc1 Nd5 30. h5 Bf4 31. Nc5 Rd6 32. Bxf4 Nxf4 33. h4
Kc7 34. Rd1 b6 35. Nd3 Nxg6 36. hxg6 Rxg6 37. b4 Rh6 38. Rc1 Kd6 39. Rc2 Rfh8
40. a4 Rxh4 41. a5 R4h5 42. axb6 axb6 43. Nb2 Kd5 44. Nc4 c5 45. Nxb6+ Ke4 46.
bxc5 Kf3 47. Ke1 Re5+ 48. Kd1 Rh1+ 49. Kd2 Re2+ 50. Kd3 Rd1+ 0-1

[Event "1. jun. liga - 2017."]
[Site "Sv. Filip i Jakov, TN "]
[Date "2017.04.19"]
[Round "2.1"]
[White "Jambresic, Filip"]
[Black "Saric, Luka"]
[Result "1-0"]
[WhiteElo "1966"]
[BlackElo "2129"]
[PlyCount "57"]
[EventDate "2017.04.18"]

1. Nf3 c5 2. c4 Nc6 3. g3 g6 4. Bg2 Bg7 5. O-O e5 6. d3 Nge7 7. Nc3 O-O 8. Bd2
h6 9. a3 d6 10. Rb1 a5 11. e4 f5 12. Nd5 fxe4 13. dxe4 Nxd5 14. cxd5 Nd4 15.
Nxd4 exd4 16. f4 b5 17. Re1 c4 18. e5 Bb7 19. Qg4 dxe5 20. fxe5 Bxd5 21. Qxg6
Bf7 22. Qg4 h5 23. Qh3 Ra7 24. Be4 Re8 25. Qf5 Rxe5 26. Qh7+ Kf8 27. Bh6 Qf6
28. Qh8+ Ke7 29. Bxg7 1-0

[Event "1. jun. liga - 2017."]
[Site "Sv. Filip i Jakov, TN "]
[Date "2017.04.19"]
[Round "2.1"]
[White "Cotic, Borna"]
[Black "Golub, Nikolina"]
[Result "1-0"]
[WhiteElo "1985"]
[BlackElo "1881"]
[PlyCount "77"]
[EventDate "2017.04.18"]

1. e4 c5 2. Nf3 e6 3. c4 Nc6 4. Be2 Nf6 5. Nc3 d5 6. exd5 exd5 7. d4 cxd4 8.
Nxd4 Bb4 9. O-O O-O 10. Bg5 Bxc3 11. bxc3 dxc4 12. Nxc6 bxc6 13. Qxd8 Rxd8 14.
Bxc4 Bf5 15. Rfe1 Re8 16. Bxf6 gxf6 17. f3 Rad8 18. Rxe8+ Rxe8 19. Kf2 Be6 20.
Re1 Kf8 21. Re4 Ke7 22. Bxe6 fxe6 23. Rh4 Rh8 24. Rh6 Kf7 25. Ke3 Kg7 26. Rh4
Rc8 27. Ra4 Rc7 28. Kd4 c5+ 29. Kc4 Kg6 30. Ra5 Rd7 31. Kxc5 Rd2 32. g3 Rxh2
33. c4 h5 34. Kd6 Rf2 35. c5 Rxf3 36. c6 Rxg3 37. c7 Rc3 38. Rc5 Rd3+ 39. Kc6
1-0

[Event "1. jun. liga - 2017."]
[Site "Sv. Filip i Jakov, TN "]
[Date "2017.04.19"]
[Round "2.1"]
[White "Rickovic, Tomislav"]
[Black "Simunic, Krunoslav"]
[Result "0-1"]
[WhiteElo "1636"]
[BlackElo "1947"]
[PlyCount "115"]
[EventDate "2017.04.18"]

1. d4 d5 2. c4 e6 3. Nc3 Nf6 4. Bg5 Be7 5. Nf3 h6 6. Bh4 O-O 7. e3 b6 8. Qc2
Bb7 9. cxd5 Nxd5 10. Nxd5 exd5 11. Bxe7 Qxe7 12. Bd3 c5 13. O-O Rc8 14. Rac1
Nd7 15. Qd2 Qf6 16. Rfe1 Rc7 17. Bb5 Rac8 18. Bxd7 Rxd7 19. Rc3 Rdc7 20. Rec1
Qe7 21. Qc2 c4 22. a3 a5 23. Qb1 a4 24. Ne1 b5 25. Nc2 Qe4 26. Nb4 Qxb1 27.
Rxb1 Re7 28. f3 Rce8 29. Kf2 f5 30. Re1 f4 31. g3 g5 32. Re2 Kf7 33. Re1 Kf6
34. Re2 Re6 35. Re1 R8e7 36. Re2 Kf7 37. Re1 Ke8 38. Re2 Kd7 39. Re1 Kd6 40.
Re2 Re8 41. Re1 R6e7 42. Re2 Bc8 43. Re1 h5 44. Re2 fxg3+ 45. hxg3 Rf8 46. Kg2
h4 47. Re1 Ref7 48. e4 dxe4 49. Rxe4 Bb7 50. d5 h3+ 51. Kxh3 Rxf3 52. Rc1 Bc8+
53. Kg2 Rf2+ 54. Kg1 Rxb2 55. Rd1 Rf3 56. Na6 Rxg3+ 57. Kh1 Bg4 58. Rdd4 0-1

[Event "1. jun. liga - 2017."]
[Site "Sv. Filip i Jakov, TN "]
[Date "2017.04.19"]
[Round "2.1"]
[White "Juric Cvitanovic, Katislav"]
[Black "Mesar, Vedran"]
[Result "1-0"]
[WhiteElo "1812"]
[BlackElo "1504"]
[PlyCount "53"]
[EventDate "2017.04.18"]

1. e4 c5 2. Nf3 Nc6 3. d4 cxd4 4. Nxd4 g6 5. Nc3 Bg7 6. Be3 Nf6 7. Bc4 O-O 8.
Bb3 e6 9. f4 d5 10. e5 Nxd4 11. Bxd4 Nd7 12. Qg4 b6 13. h4 h5 14. Qh3 f5 15.
Nxd5 Nxe5 16. Bxe5 Bxe5 17. fxe5 exd5 18. O-O-O Be6 19. Qf3 Re8 20. Bxd5 Bxd5
21. Rxd5 Qe7 22. Qg3 Kf7 23. Rhd1 Rad8 24. e6+ Kg7 25. Rd7 Rxd7 26. Rxd7 Qxd7
27. exd7 1-0

[Event "1. jun. liga - 2017."]
[Site "Sv. Filip i Jakov, TN "]
[Date "2017.04.19"]
[Round "2.2"]
[White "Tomulic, Teo"]
[Black "Tica, Sven"]
[Result "1-0"]
[WhiteElo "2271"]
[BlackElo "2348"]
[PlyCount "89"]
[EventDate "2017.04.18"]

1. e4 c6 2. d4 d5 3. Nc3 dxe4 4. Nxe4 Nd7 5. Nf3 Ngf6 6. Ned2 g6 7. Bd3 Bg7 8.
O-O O-O 9. Nb3 Nb6 10. h3 Nbd5 11. Bd2 Bf5 12. Bxf5 gxf5 13. c4 Nc7 14. Bf4 Ne4
15. Qd3 Ne6 16. Be5 Bxe5 17. Nxe5 Qd6 18. Rad1 f6 19. Nf3 Rad8 20. Nh4 Qf4 21.
g3 Qg5 22. Qf3 Ng7 23. Rfe1 e6 24. Ng2 Qg6 25. h4 Qf7 26. Ne3 Qh5 27. Kg2 Qxf3+
28. Kxf3 h5 29. d5 cxd5 30. cxd5 Nd6 31. dxe6 Nxe6 32. Nd4 Nc5 33. b4 Nce4 34.
Ne6 Rc8 35. Nxf8 Kxf8 36. Nxf5 Rc3+ 37. Kg2 Rc2 38. Nxd6 Nxf2 39. Kf3 Nxd1 40.
Rxd1 Rxa2 41. Nxb7 Rb2 42. Rd4 Ke7 43. Nc5 a5 44. bxa5 Rb5 45. a6 1-0

[Event "1. jun. liga - 2017."]
[Site "Sv. Filip i Jakov, TN "]
[Date "2017.04.19"]
[Round "2.2"]
[White "Makovec, Bruno"]
[Black "Safar, Sandro"]
[Result "1/2-1/2"]
[WhiteElo "2186"]
[BlackElo "2126"]
[PlyCount "77"]
[EventDate "2017.04.18"]

1. d4 Nf6 2. c4 d6 3. Nf3 g6 4. Nc3 Bg7 5. e4 O-O 6. Be2 c6 7. O-O e5 8. d5 Na6
9. Be3 Ng4 10. Bg5 f6 11. Bh4 Qc7 12. Ne1 Nh6 13. f3 Qb6+ 14. Bf2 c5 15. a3 Bd7
16. b4 Rac8 17. Nd3 Qc7 18. Nb5 Qb8 19. Rb1 b6 20. a4 f5 21. a5 Bxb5 22. cxb5
Nc7 23. bxc5 dxc5 24. exf5 Nxf5 25. f4 exf4 26. Nxf4 Be5 27. Nd3 Nxd5 28. Nxe5
Qxe5 29. Bc4 Rcd8 30. Re1 Qd6 31. Qb3 Nd4 32. Qd3 Rxf2 33. Bxd5+ Qxd5 34. Kxf2
Rf8+ 35. Kg1 Nf3+ 36. Qxf3 Rxf3 37. gxf3 Qxf3 38. axb6 axb6 39. Rf1 1/2-1/2

[Event "1. jun. liga - 2017."]
[Site "Sv. Filip i Jakov, TN "]
[Date "2017.04.19"]
[Round "2.2"]
[White "Batory, Lucija"]
[Black "Toplak, Juraj"]
[Result "1-0"]
[WhiteElo "1676"]
[BlackElo "2052"]
[PlyCount "97"]
[EventDate "2017.04.18"]

1. e4 e6 2. Nc3 d5 3. Nf3 Nf6 4. e5 Nfd7 5. d4 a6 6. Bd3 c5 7. dxc5 Nc6 8. Bf4
Bxc5 9. O-O f6 10. exf6 Qxf6 11. Bg5 Qf7 12. Qe2 O-O 13. Bd2 Nd4 14. Nxd4 Bxd4
15. Bxh7+ Kxh7 16. Qd3+ Qg6 17. Qxd4 Rf5 18. Ne2 e5 19. Qxd5 Nf6 20. Qd3 Be6
21. Qg3 Qf7 22. Nc3 Nh5 23. Qh4 g5 24. Qe4 Rd8 25. Be3 Nf6 26. Qb4 Rh8 27. Rad1
Qh5 28. Ne4 Kg6 29. h3 Qh4 30. f3 a5 31. Qa4 Nd5 32. Bf2 Qh7 33. Nd6 Rf4 34.
Qb5 Bxh3 35. Bg3 Bxg2 36. Qd3+ e4 37. Nxe4 Qh1+ 38. Kf2 Bxf1 39. Rxf1 Rh2+ 40.
Bxh2 Qxh2+ 41. Ke1 Nb4 42. Qd6+ Kh5 43. Nf6+ Kh4 44. Qe7 Nxc2+ 45. Kd1 Rd4+ 46.
Kc1 Qd2+ 47. Kb1 Qg2 48. Qh7+ Kg3 49. Nh5+ 1-0

[Event "1. jun. liga - 2017."]
[Site "Sv. Filip i Jakov, TN "]
[Date "2017.04.19"]
[Round "2.2"]
[White "Jancikic, Matija"]
[Black "Troselj, Ivan"]
[Result "1-0"]
[WhiteElo "1909"]
[BlackElo "1690"]
[PlyCount "77"]
[EventDate "2017.04.18"]

1. e4 e5 2. Nf3 Nc6 3. Bc4 Bc5 4. O-O Nf6 5. d3 h6 6. c3 O-O 7. Bb3 d6 8. h3
Be6 9. Bc2 d5 10. exd5 Bxd5 11. Re1 Re8 12. Nbd2 Bb6 13. Nf1 e4 14. dxe4 Nxe4
15. Ne3 Bxe3 16. Bxe3 Ne5 17. Nxe5 Rxe5 18. Bd4 Re6 19. f3 Nd6 20. Qd3 f5 21.
Rxe6 Bxe6 22. b3 Qd7 23. c4 a5 24. Rd1 a4 25. Be5 axb3 26. axb3 Ra6 27. c5 Nf7
28. Qxd7 Bxd7 29. Rxd7 Nxe5 30. Rxc7 b6 31. Bxf5 bxc5 32. Rxc5 Nc6 33. Bd7 Nd4
34. b4 Rb6 35. Rc4 Rd6 36. Ba4 Ne6 37. Bb3 Kf7 38. Re4 Kf6 39. Rxe6+ 1-0

[Event "1. jun. liga - 2017."]
[Site "Sv. Filip i Jakov, TN "]
[Date "2017.04.19"]
[Round "2.3"]
[White "Ghersinich, Enrico"]
[Black "Pavcevic, Bruno"]
[Result "1/2-1/2"]
[WhiteElo "2029"]
[BlackElo "2073"]
[PlyCount "100"]
[EventDate "2017.04.18"]

1. e4 c5 2. Nf3 e6 3. c3 Nf6 4. e5 Nd5 5. Bc4 d6 6. d4 cxd4 7. cxd4 Nb6 8. Bb5+
Bd7 9. Bxd7+ Qxd7 10. O-O Nc6 11. Nc3 d5 12. a4 a6 13. Qe2 Be7 14. b3 Rc8 15.
Be3 O-O 16. Rfc1 f6 17. Nd1 f5 18. g3 h6 19. h4 Kh8 20. Nb2 Nb4 21. Nd3 Nxd3
22. Qxd3 Rxc1+ 23. Rxc1 Rc8 24. Rxc8+ Qxc8 25. Qd2 Kh7 26. Ne1 Nd7 27. Nd3 Nf8
28. Nf4 Ng6 29. Nd3 Nf8 30. h5 Qe8 31. Nf4 Bg5 32. Qb4 Bxf4 33. Bxf4 Qf7 34.
Kg2 Kg8 35. Bd2 Qc7 36. Be3 Kf7 37. Qd2 Kg8 38. f3 Kh7 39. Qd3 Kg8 40. Bd2 Qf7
41. g4 fxg4 42. fxg4 Qe7 43. Kg3 Kf7 44. b4 Qd7 45. b5 axb5 46. Bb4 Kg8 47.
Bxf8 Kxf8 48. axb5 Qc7 49. Qa3+ Kf7 50. Qd3 Kf8 1/2-1/2